Quiz Poziom Trudny (kraje) - Statystyki

Ogólne statystyki
  • Ten quiz został rozwiązany 182 razy
    146 od ostatniego zresetowania
  • Średni wynik to 8 z 14
Statystyki odpowiedzi
Podpowiedz Odpowiedz % Poprawnych
najmniejszy kraj Watykan
92%
największy kraj Rosja
91%
najpotężniejszy kraj USA
86%
W jakim kraju jest hong kong Chiny
79%
najlepszy kraj w pilke nozna Brazylia
75%
Organizuje mundial (mś 2022) piłka nożna Katar
73%
Czy były mistrzostwa świata w Polsce (piłka nożna) Nie
72%
najgorszy kraj w pilke nozna San Marino
56%
Poprawna nazwa Polski to Rzeczpospolita Polska
51%
Pierwszy kraj który zrobił mistrzostwa świata w piłke nozną Urugwaj
46%
Kto założył Polskę Mieszko
45%
najsłabszy kraj Timor Wschodni
2%
Kraje, które w ogóle nie mają stałych rzek Arabia Saudyjska Jemen Katar Oman Kuwejt Watykan Monako
0%
Kto założył nato Stany Zjednoczone Francja Wielka Brytania Włochy Kanada Norwegia Holandia Belgia Dania Islandia Portugalia Luksemburg
0%
Nie znaleziono quizów pasujących do podanych kryteriów
Rozkład punktacji
Procent ludzi z każdym wynikiem
Percentyl według liczby udzielonych odpowiedzi
Twoja historia wyników
Nie rozwiązałeś tego quizu od ostatniego zresetowania